Charlesworth's business law / (Record no. 12067)
[ view plain ]
| 000 -LEADER | |
|---|---|
| fixed length control field | 00715cam a22002292 4500 |
| 001 - CONTROL NUMBER | |
| control field | 0000018531 |
| 005 - DATE AND TIME OF LATEST TRANSACTION | |
| control field | 20151217155221.0 |
| 008 - FIXED-LENGTH DATA ELEMENTS--GENERAL INFORMATION | |
| fixed length control field | 100208s xx 000 0 eng d |
| 020 ## - INTERNATIONAL STANDARD BOOK NUMBER | |
| International Standard Book Number | 0421604001 : |
| 040 ## - CATALOGING SOURCE | |
| Original cataloging agency | KABU |
| Transcribing agency | KABU |
| 100 1# - MAIN ENTRY--PERSONAL NAME | |
| Personal name | Dobson, Paul. |
| -- | 0000177833 |
| 245 10 - TITLE STATEMENT | |
| Title | Charlesworth's business law / |
| Statement of responsibility, etc. | Paul Dobson. |
| 250 ## - EDITION STATEMENT | |
| Edition statement | 16th ed. |
| 260 ## - PUBLICATION, DISTRIBUTION, ETC. (IMPRINT) | |
| Place of publication, distribution, etc. | London : |
| Name of publisher, distributor, etc. | Sweet & Maxwell, |
| Date of publication, distribution, etc. | 1997. |
| 300 ## - PHYSICAL DESCRIPTION | |
| Extent | xcv, 838 p. |
| 650 #0 - SUBJECT ADDED ENTRY--TOPICAL TERM | |
| Topical term or geographic name as entry element | Business law |
| Geographic subdivision | Great Britain. |
| -- | 0000177834 |
| 700 1# - ADDED ENTRY--PERSONAL NAME | |
| Personal name | Charlesworth, John. |
| -- | 0000160393 |
| 852 1# - LOCATION | |
| -- | p4730 KSH |
| 852 1# - LOCATION | |
| -- | p4730 KSH |
| 908 ## - PUT COMMAND PARAMETER (RLIN) | |
| Put command parameter | 100208 |
| 950 ## - LOCAL HOLDINGS (RLIN) | |
| -- | 1 |
| Withdrawn status | Lost status | Source of classification or shelving scheme | Not for loan | Home library | Current library | Date acquired | Total Checkouts | Full call number | Barcode | Date last seen | Date last checked out | Price effective from | Koha item type | Total Renewals |
|---|---|---|---|---|---|---|---|---|---|---|---|---|---|---|
| Library of Congress Classification | Kabarak, Main Campus | Kabarak, Main Campus | 17/12/2015 | 7 | KD1629.3 .D63 1997 c. 2 | 18443 | 14/12/2019 | 03/12/2019 | 17/12/2015 | General Collection | ||||
| Library of Congress Classification | Kabarak, Main Campus | Kabarak, Main Campus | 17/12/2015 | 17 | KD1629.3 .D63 1997 c. 1 | 18442 | 28/05/2021 | 24/05/2021 | 17/12/2015 | General Collection | 2 |